| 000 | 00317 a2200109 4500 | ||
|---|---|---|---|
| 020 | _a8173196117 | ||
| 082 | _a620.11232 AME | ||
| 100 | _aMohammed Ameen | ||
| 245 |
_aComputational ELasticity _cMohammed Ameen |
||
| 260 |
_aNew Delhi : _bNarosa Publishing House, _c2005 |
||
| 300 |
_axix, 509p. : _bill . ; _c24 cm |
||
| 650 | _aComputational Elasticity | ||
| 999 |
_c818 _d818 |
||